[Event "Uruguayan-ch Final 2021"]
[Site "Montevideo"]
[Date "2021.12.02"]
[Round "11.4"]
[White "Vazquez, Facundo"]
[Black "Granara Barreto, Sebastian"]
[Result "1-0"]
[WhiteElo "2163"]
[BlackElo "2156"]
[Annotator "TA"]
[PlyCount "75"]
[EventDate "2021.11.22"]
[EventType "tourn"]
[EventCountry "URU"]
[SourceTitle "playchess.com"]
[Source "ChessBase"]
[SourceQuality "1"]

{[%evp 10,75,37,7,72,80,100,102,99,106,110,112,70,71,67,64,133,-14,20,18,18,12,20,18,20,0,20,-10,-5,-9,-17,-13,0,0,12,25,21,20,38,37,64,78,67,73,114,104,81,81,152,149,602,595,582,573,591,510,555,408,625,544,644,584,578,578,581,578,560,561]} 1. d4 d5 2. c4 c6 3. Nc3 Nf6 4. e3 a6 5. Nf3 Bg4 6. Qb3 Ra7 {D15: Slav Defence: 4 Nc3 a6 and gambit lines after 4 Nc3 dxc4.} (6... b5 $1 $11) 7. Ne5 $16 Bf5 8. cxd5 cxd5 {White is better.} 9. Bd2 e6 10. Rc1 {White is more active.} Nbd7 {[#]} 11. Nxd7 $146 ({Predecessor:} 11. Bb5 Bd6 12. Bxd7+ Nxd7 13. Nxd7 Qxd7 14. Na4 Bc7 15. Nb6 Qd8 16. Qa4+ Ke7 17. Ba5 Bxb6 {½-½ (64) Kuljasevic,D (2578)-Bosiocic,M (2548) Porec 2014}) 11... Nxd7 12. Bb5 Bd6 ({Black should play} 12... b6 $14) 13. Qa4 (13. Bxd7+ $16 Kxd7 14. Na4) 13... Ra8 14. Bxd7+ Qxd7 15. Qxd7+ Kxd7 16. Na4 {And now Nb6+ would win.} Ke7 17. Nb6 Rab8 18. a3 Bd3 19. Bb4 Bxb4+ 20. axb4 Bb5 21. Rc7+ Kf6 22. Kd2 Rhd8 23. b3 {[%cal Bb2b3,Bb3a4,Ba4a5,Ba5a6][%mdl 32]} Rd6 24. Na4 Bxa4 25. bxa4 $14 {[%mdl 4096] Endgame KRR-KRR} Rb6 26. Rb1 Rc6 (26... g5 $142) 27. Rc1 $16 Rb6 {[#]} 28. Kc3 Rd8 ({Black should try} 28... Rc6+ 29. Kb2 Rxc1 30. Kxc1 b5) 29. Kb3 Rdd6 $2 {[%mdl 8192] A mistake that costs the game.} (29... Re8 $16 30. Rd7 Re7 31. Rxe7 Kxe7) 30. a5 $18 Rb5 31. R1c5 b6 32. Rxb5 axb5 {KR-KR} 33. a6 h5 (33... Rd8 $142 34. a7 h5) 34. Rb7 {[#] a7 is the strong threat. White is clearly winning.} Rd8 35. Rxb6 Ra8 36. Rxb5 Rxa6 37. Ra5 {Inhibits Ra1.} Rb6 38. b5 {Weighted Error Value: White=0.20 (precise) /Black=0.56} 1-0

[Event "Uruguayan-ch Final 2021"]
[Site "Montevideo"]
[Date "2021.12.02"]
[Round "11.6"]
[White "Hoffman, Alejandro"]
[Black "Ulaneo, Nicolas"]
[Result "1/2-1/2"]
[WhiteElo "2440"]
[BlackElo "2164"]
[Annotator "TA"]
[PlyCount "32"]
[EventDate "2021.11.22"]
[EventType "tourn"]
[EventCountry "URU"]
[SourceTitle "playchess.com"]
[Source "ChessBase"]
[SourceQuality "1"]

{[%evp 15,18,4,19,12,33]} 1. d4 Nf6 2. c4 e6 3. Nc3 Bb4 4. e3 O-O 5. Bd3 d5 6. Nge2 dxc4 7. Bxc4 e5 8. O-O Nc6 9. a3 {E48: Nimzo-Indian: Rubinstein: 5 Bd3 d5 including 6 Ne2, but excluding 6 a3.} Bd6 {[#] Not much happened in this game. Not enough moves} {Predecessor:} 10. d5 $146 Ne7 11. Ng3 Nf5 12. e4 Nxg3 13. hxg3 Bc5 14. Qe1 Qe7 15. Be3 Bd4 16. Bxd4 exd4 {½-½ (29) Tregubov,P (2608)-Khenkin,I (2617) Belgium 2014} 1/2-1/2